| 000 | 01601nab a22002657a 4500 | ||
|---|---|---|---|
| 999 |
_c5515 _d5515 |
||
| 003 | OSt | ||
| 005 | 20251210152821.0 | ||
| 008 | 190604e xxu||||| |||| 00| 0 spa d | ||
| 040 | _cPJ | ||
| 100 |
_94799 _aIturbide, Gabriela A. |
||
| 245 | 1 | 3 |
_aHipotecas divisibles e inscripción de boletos de compraventa. Análisis de la resolución conjunta 2/2025 y de las disposiciones técnico-registrales 10/2025, 11/2025 y 14/2025 del Registro de la Propiedad Inmueble de la Capital Federal • Iturbide, Gabriela A. • _cGabriela Iturbide. |
| 260 |
_aCiudad Autónoma de Buenos Aires : _bThomson Reuters La Ley, _c2025. |
||
| 300 | _ap. 16-25 | ||
| 500 | _aCita Online: TR LALEY AR/DOC/2385/2025. | ||
| 505 | _aSumario: I. Introducción.— II. La res. conjunta 2/2025.— III. La disposición técnico-registral 10/2025.— IV. La disposición técnico-registral 11 del Registro de la Propiedad Inmueble de la Capital Federal del 28 de julio de 2025.— V. La disposición técnico-registral 14/2025 del Registro de la Propiedad Inmueble de la Capital Federal.— VI. Nuestra opinión. | ||
| 505 | _t¿Te interesa el texto completo? Solicitalo al correo: koha@justierradelfuego.gov.ar | ||
| 650 | 0 |
_91497 _aCODIGO CIVIL Y COMERCIAL |
|
| 650 | 0 |
_91821 _aDERECHOS REALES |
|
| 650 | 0 |
_92309 _aPROPIEDAD HORIZONTAL |
|
| 650 | 0 |
_91819 _aHIPOTECA |
|
| 650 | 0 |
_92274 _aBIENES INMUEBLES |
|
| 650 | 0 |
_96053 _aESCRITURA PUBLICA |
|
| 773 | 0 |
_02714 _93171 _dCiudad Autónoma de Buenos Aires : Thomson Reuters La Ley, 2014- _tRevista anales de legislación argentina. Nº 10 - Octubre 2025. |
|
| 942 |
_2udc _cANA |
||